00469nam a2200193Ia 4500008004100000020001800041050001400059100002200073245002400095245002500119260001500144260001600159260000900175300001500184300002700199300001000226300003000236500000900266170918s9999 xx 000 0 und d a9780545442565 bM987 2011 aMusgrave, Ruth A. aEverything sharks / cby Ruth A. Musgrave. aNew York : bScholastic, c2011 a64 pages : bcolored illustration ; c24cm. eNational geographic kids. a1030